000 nam a22 7a 4500
999 _c8887
_d8887
008 180120b ||||| |||| 00| 0 eng d
100 _aArora.B.B.etal.
_94361
245 _aAbc of Biology
260 _aNew Delhi
_bHoly Faith
_c2008